Cosmetic dermatology: Principles and practice

שמור ב:
מידע ביבליוגרפי
מחבר ראשי: Leslie Baumann
פורמט: ספר
שפה:Undetermined
יצא לאור: New York McGraw-Hill 2002
נושאים:
תגים: הוספת תג
אין תגיות, היה/י הראשונ/ה לתייג את הרשומה!
Thư viện lưu trữ: Trung tâm Học liệu Trường Đại học Cần Thơ
LEADER 00584nam a2200193Ia 4500
001 CTU_54687
008 210402s9999 xx 000 0 und d
020 |b 2157000 
082 |a 616.5 
082 |b B347 
100 |a Leslie Baumann 
245 0 |a Cosmetic dermatology: Principles and practice 
245 0 |c Leslie Baumann 
260 |a New York 
260 |b McGraw-Hill 
260 |c 2002 
650 |a skin diseases,skin,cosmetics,dermatology,skin,surgery, plastic 
650 |x treatment,care and hygiene,drug effects 
980 |a Trung tâm Học liệu Trường Đại học Cần Thơ